000 01338nab a22002537a 4500
999 _c5439
_d5439
003 OSt
005 20250909103430.0
008 190604e xxu||||| |||| 00| 0 spa d
040 _cPJ
100 _96448
_aTito, Verónica
245 1 3 _aLa nueva reglamentación de los hidrocarburos /
_cVerónica Tito.
260 _aCiudad Autónoma de Buenos Aires :
_bThomson Reuters La Ley,
_c2025.
300 _ap. 82-92
500 _aCita Online: TR LALEY AR/DOC/492/2025.
505 _aSumario: I. Introducción.— II. Anexo I dec. 1057/2024. Reglamentación de los arts. 101 a 152 del capítulo I del Título VI de la ley 27.742.— III. Anexo II dec. 1057/2024. Reglamentación de los arts. 153 a 158 del capítulo II del Título VI de la ley 27.742.— IV. Anexo III dec. 1057/2024. Reglamentación del art. 163 del capítulo VI del Título VI de la ley 27.742.
505 _t¿Te interesa el texto completo? Solicitalo al correo: koha@justierradelfuego.gov.ar
650 0 _93979
_aHIDROCARBUROS
650 0 _96432
_aEXPLOTACION DE HIDROCARBUROS
650 0 _96449
_aGAS NATURAL
650 0 _96430
_aINVERSIONES
650 0 _94531
_aDECRETO REGLAMENTARIO
773 0 _02714
_93171
_dCiudad Autónoma de Buenos Aires : Thomson Reuters La Ley, 2014-
_tRevista anales de legislación argentina. Nº 4 - Abril 2025.
942 _2udc
_cANA